Online
Catalog

Caravans : (Record no. 19409)

MARC details
000 -CABECERA
campo de control de longitud fija 00656cam a2200205 a 4500
001 - NÚMERO DE CONTROL
campo de control 000019896
005 - FECHA Y HORA DE LA ÚLTIMA TRANSACCIÓN
campo de control 20200929170200.0
008 - DATOS DE LONGITUD FIJA--INFORMACIÓN GENERAL
campo de control de longitud fija 730522s1963 nyub 000 1 eng d
040 ## - FUENTE DE LA CATALOGACIÓN
Centro catalogador/agencia de origen DO-SdBNP
Lengua de catalogación eng
Centro/agencia transcriptor LC
Centro/agencia modificador BNPHU
050 00 - SIGNATURA TOPOGRÁFICA DE LA BIBLIOTECA DEL CONGRESO
Número de clasificación PZ3.M583
Número de documento/Ítem Car2
Número de clasificación PS3525.I19
082 ## - NÚMERO DE LA CLASIFICACIÓN DECIMAL DEWEY
Número de clasificación nn*
Número de documento/Ítem M623c
049 ## - FONDOS LOCALES (OCLC)
Fondos de biblioteca BNGR
100 1# - ENTRADA PRINCIPAL--NOMBRE DE PERSONA
Nombre de persona Michener, James A.
Forma completa/desarrollada del nombre (James Albert),
Fechas asociadas al nombre 1907-1997.
9 (RLIN) 11111
245 10 - MENCIÓN DE TÍTULO
Título Caravans :
Resto del título a novel /
Mención de responsabilidad, etc. James A, Michener.
260 ## - PUBLICACIÓN, DISTRIBUCIÓN, ETC.
Lugar de publicación, distribución, etc. New York :
Nombre del editor, distribuidor, etc. Random House,
Fecha de publicación, distribución, etc. 1963.
300 ## - DESCRIPCIÓN FÍSICA
Extensión 341 p. :
Otras características físicas mapas ;
Dimensiones 22 cm.
650 #0 - PUNTO DE ACCESO ADICIONAL DE MATERIA--TÉRMINO DE MATERIA
Término de materia o nombre geográfico como elemento de entrada Americans
Subdivisión geográfica Afghanistan
Subdivisión general Fiction.
9 (RLIN) 42441
651 #0 - PUNTO DE ACCESO ADICIONAL DE MATERIA--NOMBRE GEOGRÁFICO
Nombre geográfico Afghanistan
Subdivisión general Fiction.
9 (RLIN) 42442
910 ## - DATOS DE OPCIÓN DEL USUARIO (OCLC)
Datos de opción del usuario Catalogación derivada / LC
Holdings
Estado de retiro Estado de pérdida Restricciones de uso No para préstamo Código de colección Localización permanente Ubicación/localización actual Ubicación en estantería Fecha de adquisición Número de inventario Total de préstamos Signatura topográfica completa Código de barras Fecha visto por última vez Precio válido a partir de Tipo de ítem Koha
        Monografías: Libros y Folletos General General En catalogación 08.07.2010 LF1   nn* M623c 19896-10 25.06.2020 25.06.2020 Préstamo en sala

Powered by Koha